000 00269nam a22001217a 4500
008 181220b xxu||||| |||| 00| 0 eng d
041 _aeng
080 _a616
100 _a9
101 _aPAT
245 _aCongenital Dislocation of the Hip
_cHass,J
942 _2udc
_cBK
999 _c53551
_d53551